| 000 | 00000nam##2200000za#4500 |
| 001 | 9.615729 |
| 003 | CaOODSP |
| 005 | 20211126112847 |
| 007 | ta |
| 008 | 150406|2001||||xxc||||| f|0| 0 eng|d |
| 022 | |a1192-5434 |
| 040 | |aCaOODSP|beng |
| 043 | |an-cn--- |
| 086 | 1 |aFB3-2/101-13E |
| 110 | 2 |aBank of Canada. |
| 245 | 10|aPredetermined prices and the persistent effects of money on output / |cby Michael B. Devereux and James Yetman. |
| 260 | |aOttawa - Ontario : |bBank of Canada |c2001. |
| 300 | |av, 13p. : |bfigs., graphs, references ; |c28 cm. |
| 490 | 1 |aWorking paper|x1192-5434|v2001-13 |
| 500 | |a"This paper illustrates a model of predetermined pricing, where firms set a fixed schedule of nominal prices at the time of price readjustment, based on the work of Fischer (1977)."--Abstract. |
| 520 | 3 |aThis paper illustrates a model of predetermined pricing, where firms set a fixed schedule of nominal prices at the time of price readjustment, based on the work of Fischer (1977).--Abstract |
| 546 | |aRésumés en français |
| 563 | |aSoftcover |
| 590 | |a01-33|b2001-08-17 |
| 690 | 07|aPrices|2gcpds |
| 690 | 07|aFinancial management|2gcpds |
| 720 | 1 |aYetman, James |
| 720 | 1 |aDevereux, Michael B. |
| 776 | 0#|tPredetermined prices and the persistent effects of money on output / |w(CaOODSP)9.571568 |
| 830 | #0|aWorking paper,|x1192-5434|v2001-13|w(CaOODSP)9.514622 |